| 000 | 00752nam a2200181 a 4500 | ||
|---|---|---|---|
| 001 | BRCA_3678 | ||
| 005 | 20190320204359.0 | ||
| 008 | 030909s1985----mx-#---###---#000-0#spa-# | ||
| 041 | _aspa | ||
| 044 | _amx | ||
| 050 | 4 |
_aF1234 _b.P53 1985 |
|
| 245 | 1 | 0 |
_aPlan de Ayala _bplan libertador de los hijos del Estado de Morelos, afiliados al Ejército Insurgente que defienden el cumplimiento del Plan de San Luis Potosi, con las reformas que ha creido conveniente aumentar en beneficio de la Patria Mexicana. |
| 260 |
_aMéxico _bCONDUMEX _c1985 |
||
| 300 |
_a14 h. _c36 cm. |
||
| 500 | _aFacsímiles de uno de los tantos manuscritos originales del documento y de uno de los primeros impresos del mismo | ||
| 630 | 0 | 4 |
_aPlan de Ayala _99546 |
| 942 |
_2lcc _cB |
||
| 999 |
_c3410 _d3410 |
||